Middle Earth Surnames - Statistics

General Stats
  • This quiz has been taken 621 times
  • The average score is 10 of 15
Answer Stats
Hint Answer % Correct
Frodo Baggins
97%
Gandalf the Grey / the White
94%
Saruman the White / the Wise
89%
Peregrin Took
85%
Samwise Gamgee
84%
Radagast the Brown
79%
Tom Bombadil
78%
Thorin Oakenshield
75%
Gríma Wormtongue
70%
Meriadoc Brandybuck
60%
Arwen Undómiel / Evenstar
44%
Smaug the Golden / the Terrible
40%
Bard the Bowman
37%
Dáin II Ironfoot
36%
Elrond Peredhel / Half-Elven
34%
No matching quizzes found
Score Distribution
Percent of People with Each Score
Percentile by Number Answered
Your Score History
You have not taken this quiz